[Event "Dhaka op"]
[Site "Dhaka"]
[Date "2024.01.15"]
[Round "1"]
[White "Md Masud, Rana"]
[Black "Subrota, Biswas"]
[Result "0-1"]
[WhiteElo "1687"]
[BlackElo "2223"]
[PlyCount "58"]
[EventDate "2024.01.15"]
[EventType "swiss"]
[EventRounds "9"]
[EventCountry "BAN"]
[SourceTitle "CBM 218 Extra"]
[Source "ChessBase"]
[SourceDate "2024.03.31"]
[SourceVersion "1"]
[SourceVersionDate "2024.03.31"]
[SourceQuality "1"]

1. e4 e6 2. d4 d5 3. exd5 exd5 4. Nf3 Bd6 5. Bd3 Nc6 6. 0-0 Nge7 7. c3 Bf5 8. Re1 Qd7 9. Ne5 Bxe5 10. dxe5 d4 11. cxd4 0-0-0 12. Bg5 Nxd4 13. Bxf5 Ndxf5 14. Qg4 h5 15. Qh3 Qd3 16. Qxd3 Rxd3 17. Nc3 Nc6 18. Rad1 Rxd1 19. Nxd1 Re8 20. Bf4 Nb4 21. Re4 Nd3 22. g3 f6 23. exf6 Rxe4 24. f7 Re1+ 25. Kg2 Nxf4+ 26. gxf4 Nh4+ 27. Kg3 Ng6 28. f5 Rg1+ 29. Kf3 Ne5+ 0-1

[Event "Dhaka Metropolis op U2100"]
[Site "Dhaka"]
[Date "2022.10.18"]
[Round "2"]
[White "Md Masud, Rana"]
[Black "Yasir Ali, Khan Evan"]
[Result "0-1"]
[WhiteElo "1657"]
[BlackElo "1899"]
[PlyCount "54"]
[EventDate "2022.10.17"]
[EventType "swiss"]
[EventRounds "9"]
[EventCountry "BAN"]
[SourceTitle "EXT 2024"]
[Source "ChessBase"]
[SourceDate "2023.10.10"]
[SourceVersion "1"]
[SourceVersionDate "2023.10.10"]
[SourceQuality "1"]

1. e4 c5 2. Nf3 d6 3. Nc3 Nf6 4. d4 cxd4 5. Nxd4 g6 6. Be2 Bg7 7. Be3 Nc6 8. Qd2 0-0 9. Nxc6 bxc6 10. Bh6 Bxh6 11. Qxh6 Qa5 12. 0-0 Rb8 13. Rab1 Be6 14. Qe3 Rb4 15. a3 Rb6 16. f4 Rfb8 17. Nd1 Qa4 18. f5 Bd7 19. Bd3 Ng4 20. Qg5 Qd4+ 21. Kh1 Nf6 22. Rf4 c5 23. b3 Rxb3 24. cxb3 Qxd3 25. Ra1 Qd4 26. Rc1 Qd2 27. Ne3 Qxc1+ 0-1

[Event "BAN-chT2 Borsho 2nd"]
[Site "Bangladesh"]
[Date "2021.01.22"]
[Round "3.2"]
[White "Md Masud, Rana"]
[Black "Badol, Sikder"]
[Result "0-1"]
[WhiteElo "1603"]
[BlackElo "1704"]
[PlyCount "98"]
[EventDate "2021.01.20"]
[EventType "team-tourn"]
[EventRounds "9"]
[EventCountry "BAN"]
[SourceTitle "CBM 200 Extra"]
[Source "ChessBase"]
[SourceDate "2021.03.31"]
[SourceVersion "1"]
[SourceVersionDate "2021.03.31"]
[SourceQuality "1"]
[WhiteTeam "Mohammadpur CC"]
[BlackTeam "Sonirakhra CC"]
[WhiteTeamCountry "BAN"]
[BlackTeamCountry "BAN"]

1. e4 c6 2. d4 d5 3. Nc3 dxe4 4. Nxe4 Bf5 5. Ng3 Bg6 6. Nf3 Nd7 7. h4 h6 8. Bd3 Bxd3 9. Qxd3 Ngf6 10. Bf4 e6 11. 0-0-0 Be7 12. Kb1 0-0 13. Ne4 Nxe4 14. Qxe4 Nf6 15. Qe2 Nd5 16. Bc1 Qb6 17. Rd3 a5 18. g4 c5 19. Ne5 Rad8 20. Rb3 Qa7 21. Qb5 f6 22. Ng6 Rfe8 23. c4 Nb4 24. a3 a4 25. Re3 Nc6 26. Nxe7+ Rxe7 27. dxc5 Nd4 28. Qb6 Qxb6 29. cxb6 Rc8 30. g5 Rxc4 31. gxf6 gxf6 32. Rc3 Rxc3 33. bxc3 Nf5 34. Rd1 h5 35. c4 e5 36. c5 Nd4 37. Be3 Nc6 38. Kb2 Kf7 39. Kc3 Ke6 40. Kc4 Rg7 41. Kb5 Ke7 42. Kxa4 Rg4+ 43. Kb5 Rxh4 44. Rd6 Nb8 45. Rd3 Rh1 46. Bd2 h4 47. Bb4 Ke6 48. Kc4 h3 49. Kb5 h2 0-1